[Event "ch-RUS Blitz w 2016"]
[Site "Sochi RUS"]
[Date "2016.10.04"]
[Round "20.7"]
[White "Ambartsumova, Karina"]
[Black "Severina, Maria"]
[Result "1/2-1/2"]
[WhiteTitle "WGM"]
[BlackTitle "WIM"]
[WhiteElo "2280"]
[BlackElo "2232"]
[WhiteFideId "4166299"]
[BlackFideId "4116909"]
[EventDate "2016.10.04"]

1. e4 e5 2. Nf3 Nc6 3. Bc4 Bc5 4. O-O Nf6 5. d3 O-O 6. c3 d5 7. exd5 Nxd5 8. b4
Be7 9. b5 Na5 10. Nxe5 Bf6 11. Ng4 Bxg4 12. Qxg4 Nxc3 13. Nxc3 Bxc3 14. Rb1 Nxc4
15. dxc4 Qd4 16. Qe2 Rad8 17. Be3 Qd3 18. Qxd3 Rxd3 19. Rfc1 Bd2 20. Rd1 Rfd8
21. Rb3 R3d7 22. Kf1 Bxe3 23. Rxd7 Rxd7 24. Rxe3 Kf8 25. Ke2 f6 26. Ra3 b6 27.
Rxa7 Ke7 28. Ke3 Kd6 29. Ra3 Kc5 30. Rc3 Re7+ 31. Kd3 Rd7+ 32. Kc2 Rd4 33. Kb3
Rd2 34. Rf3 Re2 35. Rf5+ Kd6 36. Rd5+ Ke6 37. Rh5 h6 38. Rh3 Rxf2 39. Rg3 g5 40.
a4 f5 41. Rh3 Rxg2 42. Rxh6+ Kd7 43. c5 bxc5 44. a5 f4 45. Rf6 Rxh2 46. a6 Rh8
47. Kc4 Ke7 48. Rf5 Rg8 49. Kxc5 Ke6 50. Rd5 f3 51. Rd1 g4 52. a7 g3 53. Rd3 f2
54. Re3+ Kf7 55. Rf3+ Ke7 56. Rxg3 Rxg3 57. a8=Q f1=Q 58. Qe4+ Kf7 59. Qd5+ Ke7
60. Qe5+ Kd7 61. Qxg3 Qf5+ 62. Kb4 Qe4+ 63. Ka5 Qd5 64. Qg7+ Kc8 65. Qb2 Kb7 66.
Ka4 Qe4+ 67. Qb4 Qxb4+ 68. Kxb4 c6 69. bxc6+ Kxc6 1/2-1/2

[Event "ch-RUS Blitz w 2016"]
[Site "Sochi RUS"]
[Date "2016.10.04"]
[Round "20.8"]
[White "Sukhareva, Evgeniya"]
[Black "Gritsayeva, Oksana"]
[Result "0-1"]
[BlackTitle "WFM"]
[WhiteElo "2151"]
[BlackElo "2321"]
[WhiteFideId "4167155"]
[BlackFideId "14104652"]
[EventDate "2016.10.04"]

1. d4 g6 2. c4 Bg7 3. Nf3 d6 4. g3 Nc6 5. Bg2 e5 6. d5 Nce7 7. O-O f5 8. Nc3 Nf6
9. Rb1 e4 10. Nd4 O-O 11. b4 c5 12. bxc5 dxc5 13. Nb3 b6 14. f3 exf3 15. exf3
Bd7 16. Bb2 Nc8 17. Ne2 Nd6 18. Qc2 g5 19. Rfe1 Rc8 20. Bc1 h6 21. Bh3 Qc7 22.
Bb2 Rce8 23. Nd2 Re3 24. Nc3 Ree8 25. Qd3 Qd8 26. Re2 Rxe2 27. Nxe2 Re8 28. Nc3
Qe7 29. Kf2 g4 30. Bg2 gxf3 31. Bxf3 Nfe4+ 32. Kg2 Qg5 33. Nf1 Nf6 34. Bc1 Qg6
35. Bf4 Nfe4 36. Ne2 Be5 37. Bxe5 Rxe5 38. Nf4 Qg7 39. Nh5 Qe7 40. Nf4 Ng5 41.
Ng6 Qf6 42. Nxe5 Qxe5 43. Rd1 f4 44. Qg6+ Kf8 45. Qxh6+ Ke8 46. Qh5+ Kd8 47.
gxf4 Qxf4 48. Ng3 Bh3+ 49. Kf2 Nde4+ 50. Ke2 Nc3+ 51. Kd3 Nxd1 52. Qh8+ Kc7 53.
Qg7+ Kb8 54. Qg8+ Kb7 55. Qg7+ Ka6 56. Bxd1 Bf5+ 57. Nxf5 Qxf5+ 58. Kc3 Ne4+ 59.
Kb2 Qf2+ 60. Bc2 Nd6 61. Qg4 Qf1 62. Bb3 Qf2+ 63. Ka3 Qd2 64. Qh4 Qc1+ 65. Ka4
Qc3 66. Ka3 Ka5 67. Qg3 Qd3 0-1

[Event "ch-RUS Blitz w 2016"]
[Site "Sochi RUS"]
[Date "2016.10.04"]
[Round "20.9"]
[White "Baraeva, Marina"]
[Black "Potapova, Margarita"]
[Result "1/2-1/2"]
[WhiteTitle "WIM"]
[BlackTitle "WFM"]
[WhiteElo "2173"]
[BlackElo "2060"]
[WhiteFideId "24142573"]
[BlackFideId "14126869"]
[EventDate "2016.10.04"]

1. d4 d6 2. Nf3 Nd7 3. c4 e5 4. Nc3 g6 5. e4 Bg7 6. Be2 exd4 7. Nxd4 Ngf6 8. O-O
O-O 9. Be3 Nc5 10. f3 a5 11. Rc1 Re8 12. Qc2 Nfd7 13. Bf2 Ne5 14. b3 Na6 15. a3
Bd7 16. Rfd1 Qg5 17. Nd5 Bh3 18. Bg3 c6 19. f4 Qd8 20. fxe5 dxe5 21. gxh3 exd4
22. Nf4 Nc5 23. Bf3 h5 24. h4 Bh6 25. Qf2 Nxb3 26. Rb1 a4 27. Rd3 Qf6 28. Bd1
Rxe4 29. Ng2 Qe7 30. Bxb3 axb3 31. Rdxb3 Re2 32. Qf3 Qe4 33. Qxe4 Rxe4 34. Rd1
f5 35. Bf2 Rd8 36. Rxb7 d3 37. Rb3 d2 38. Kf1 Rxc4 39. Be3 Rc1 40. Ke2 Bxe3 41.
Nxe3 f4 42. Rxd2 Rxd2+ 43. Kxd2 Rh1 44. Nc4 Rxh2+ 45. Ke1 Rxh4 46. Ne5 Rh1+ 47.
Kf2 Kg7 48. Nxc6 Rc1 49. Nd4 h4 50. Kg2 Rc4 51. Nf3 h3+ 52. Kxh3 Kf6 53. Kg4 Ra4
54. Nd2 Rd4 55. Nf3 Ra4 56. Nh4 f3+ 57. Kg3 f2 58. Rf3+ Ke6 59. Ng2 Rxa3 60.
Kxf2 Rxf3+ 61. Kxf3 Ke5 1/2-1/2

[Event "ch-RUS Blitz w 2016"]
[Site "Sochi RUS"]
[Date "2016.10.04"]
[Round "20.10"]
[White "Komiagina, Maria"]
[Black "Makarenko, Alexandra"]
[Result "1-0"]
[WhiteTitle "WIM"]
[BlackTitle "WFM"]
[WhiteElo "2247"]
[BlackElo "2243"]
[WhiteFideId "4153987"]
[BlackFideId "4165055"]
[EventDate "2016.10.04"]

1. e4 e5 2. Nf3 Nc6 3. Bb5 Nd4 4. Nxd4 exd4 5. O-O Bc5 6. d3 c6 7. Ba4 Qf6 8. f4
d6 9. Qf3 h5 10. f5 Bd7 11. a3 Ne7 12. b4 Bb6 13. Bb3 O-O-O 14. Bb2 d5 15. Nd2
dxe4 16. Nxe4 Qe5 17. Ng5 Bxf5 18. Nxf7 Qf6 19. Nxd8 Rxd8 20. Rae1 g6 21. Bc1
Bc7 22. Be6+ Kb8 23. Bxf5 Nxf5 24. Bf4 Rf8 25. Bxc7+ Kxc7 26. Qe4 Qg5 27. Qf4+
Qxf4 28. Rxf4 Kd6 29. g3 b6 30. Rfe4 Rf6 31. Rf1 c5 32. bxc5+ bxc5 33. h3 Re6
34. Rxe6+ Kxe6 35. Kf2 Ne3 36. Rc1 Kd5 37. c3 a5 38. c4+ Kc6 39. Kf3 g5 40. g4
hxg4+ 41. hxg4 Kd6 42. Rb1 Nc2 43. Rb5 Nxa3 44. Rxa5 Nb1 45. Ra6+ Ke5 46. Rc6
Nd2+ 47. Ke2 Nb3 48. Rb6 Nc1+ 49. Kd2 Na2 50. Rb5 Kd6 51. Ra5 Nb4 52. Ra8 Ke5
53. Rf8 Ke6 54. Rf5 Nc6 55. Rxc5 Ne7 56. Rxg5 Kf6 57. Ra5 Kg6 58. Ke2 Nc8 59.
Kf3 Ne7 60. Ke4 Kf6 61. Ra6+ Kg5 62. Re6 Ng8 63. Kxd4 Kxg4 64. Rg6+ Kf5 65. Rxg8 1-0

[Event "ch-RUS Blitz w 2016"]
[Site "Sochi RUS"]
[Date "2016.10.04"]
[Round "20.11"]
[White "Nechaeva, Marina"]
[Black "Travkina, Anastasia"]
[Result "1-0"]
[WhiteTitle "IM"]
[BlackTitle "WFM"]
[WhiteElo "2428"]
[BlackElo "2292"]
[WhiteFideId "4149351"]
[BlackFideId "24129151"]
[EventDate "2016.10.04"]

1. d4 d5 2. c4 c6 3. Nc3 Nf6 4. e3 Bf5 5. Nf3 e6 6. Nh4 Be4 7. f3 Bg6 8. Nxg6
hxg6 9. Qb3 Qc7 10. f4 g5 11. g3 gxf4 12. gxf4 Be7 13. Bd2 Nbd7 14. h3 Ne4 15.
Nxe4 dxe4 16. O-O-O a5 17. Kb1 a4 18. Qc2 Nf6 19. Bg2 Rh5 20. Bxe4 Nxe4 21. Qxe4
b5 22. c5 O-O-O 23. Qf3 Rh4 24. Bc3 Qb8 25. a3 Bf6 26. Qxc6+ Qc7 27. Qxb5 Rdh8
28. Qxa4 Rxh3 29. Rxh3 Rxh3 30. c6 Rxe3 31. Qa6+ Kb8 32. Ba5 1-0

[Event "ch-RUS Blitz w 2016"]
[Site "Sochi RUS"]
[Date "2016.10.04"]
[Round "20.12"]
[White "Vasilevich, Tatjana"]
[Black "Pavlova, Natalia"]
[Result "1-0"]
[WhiteTitle "IM"]
[WhiteElo "2372"]
[BlackElo "1990"]
[WhiteFideId "14101610"]
[BlackFideId "24135615"]
[EventDate "2016.10.04"]

1. d4 d5 2. c4 c6 3. Nf3 Nf6 4. e3 e6 5. Nbd2 Nbd7 6. Bd3 Bd6 7. O-O O-O 8. e4
dxe4 9. Nxe4 Nxe4 10. Bxe4 e5 11. dxe5 Nxe5 12. Nxe5 Bxe5 13. Bxh7+ Kxh7 14.
Qh5+ Kg8 15. Qxe5 Be6 16. Qc3 Qh4 17. b3 a5 18. Re1 a4 19. Bb2 Qh6 20. Rad1 b6
21. Rd3 axb3 22. axb3 Ra5 23. Rg3 g6 24. h3 Re8 25. Qf6 Rf5 26. Qxf5 Bxf5 27.
Rxe8+ Kh7 28. Rh8# 1-0

[Event "ch-RUS Blitz w 2016"]
[Site "Sochi RUS"]
[Date "2016.10.04"]
[Round "20.13"]
[White "Shaydullina, Sandugach"]
[Black "Semenova, Elena1"]
[Result "1-0"]
[WhiteTitle "WGM"]
[BlackTitle "WIM"]
[WhiteElo "2142"]
[BlackElo "2256"]
[WhiteFideId "4140389"]
[BlackFideId "24125148"]
[EventDate "2016.10.04"]

1. Nf3 f5 2. c4 Nf6 3. Nc3 g6 4. d3 d6 5. e4 e5 6. g3 Bg7 7. Bg2 O-O 8. O-O Nc6
9. Bg5 h6 10. Bxf6 Bxf6 11. Nd5 Bg7 12. b4 fxe4 13. dxe4 Bg4 14. h3 Bxf3 15.
Bxf3 Nd4 16. Bg2 c6 17. Nc3 Qd7 18. Ne2 Nf3+ 19. Kh1 Rf7 20. Qd3 Raf8 21. Rad1
Nd4 22. Nxd4 exd4 23. f4 Kh8 24. Rfe1 b6 25. Kh2 c5 26. b5 g5 27. e5 dxe5 28.
fxe5 Rf2 29. e6 Qe7 30. Re2 Qb7 31. Rg1 Qe7 32. Qe4 Rxe2 33. Qxe2 Rd8 34. Bd5
Rf8 35. Rf1 Rxf1 36. Qxf1 Qf6 37. Qxf6 Bxf6 38. Be4 Be7 39. Kg2 Kg7 40. Kf3 Kf6
41. Bd5 Ke5 42. a4 Bf6 43. Ke2 Be7 44. Kf3 Bf6 45. Ke2 h5 46. Kf3 h4 47. gxh4
gxh4 48. Kg4 d3 49. Kf3 Kd4 50. Kf4 d2 51. Bf3 Be7 52. Be2 Kc3 53. Ke5 Kc2 54.
Kd5 d1=Q+ 55. Bxd1+ Kxd1 56. Kc6 Kc2 57. Kb7 Kb3 58. Kxa7 Kxc4 59. a5 1-0

[Event "ch-RUS Blitz w 2016"]
[Site "Sochi RUS"]
[Date "2016.10.04"]
[Round "20.14"]
[White "Gvanceladze, Anna"]
[Black "Vasilevich, Irina"]
[Result "0-1"]
[WhiteTitle "WFM"]
[BlackTitle "IM"]
[WhiteElo "2223"]
[BlackElo "2285"]
[WhiteFideId "4113721"]
[BlackFideId "4141296"]
[EventDate "2016.10.04"]

1. d4 e6 2. Nf3 b6 3. Bf4 Bb7 4. e3 Nf6 5. h3 d6 6. Be2 Nbd7 7. Nbd2 g6 8. a4 a5
9. c3 Bg7 10. Qb1 Qe7 11. O-O e5 12. Bh2 exd4 13. Nxd4 O-O 14. Bf3 Bxf3 15.
N2xf3 Rac8 16. Qc2 d5 17. Rfd1 c6 18. Qb3 Ne4 19. Qa3 Qf6 20. Rac1 Rfd8 21. Bf4
Ndc5 22. b4 Nb7 23. Nd2 Bf8 24. Nxe4 dxe4 25. Qb3 c5 26. bxc5 Nxc5 27. Qb5 Nd3
28. Rb1 Nxf4 29. exf4 Rxc3 30. Ne2 Rcd3 31. Rdc1 Bc5 32. Kh1 Bxf2 33. Rc6 Qe7
34. Kh2 Bc5 35. Re1 R3d6 36. Rxd6 Qxd6 37. Rb1 Qd3 38. Qb2 Qd2 39. Qb5 Kg7 40.
f5 gxf5 41. Rf1 Bd6+ 42. Kh1 Bc5 43. Kh2 Qd3 44. Qb2+ Kg8 45. Rxf5 Bd6+ 46. Nf4
e3 47. Rg5+ Kf8 48. Qg7+ Ke7 49. Rg4 0-1

[Event "ch-RUS Blitz w 2016"]
[Site "Sochi RUS"]
[Date "2016.10.04"]
[Round "20.15"]
[White "Markelova, Lubov"]
[Black "Sazonova, Anastasia"]
[Result "0-1"]
[WhiteTitle "WFM"]
[BlackTitle "WFM"]
[WhiteElo "2133"]
[BlackElo "2115"]
[WhiteFideId "24131369"]
[BlackFideId "24131008"]
[EventDate "2016.10.04"]

1. Nf3 d5 2. d4 c6 3. c4 Nf6 4. e3 Bf5 5. cxd5 cxd5 6. Nc3 Nc6 7. Qb3 Na5 8.
Qa4+ Bd7 9. Bb5 Nc6 10. Ne5 Rc8 11. Bxc6 Bxc6 12. Nxc6 bxc6 13. Qxa7 e6 14. O-O
Bd6 15. Qb7 O-O 16. a4 Bxh2+ 17. Kxh2 Ng4+ 18. Kg3 Qg5 19. e4 Qh5 20. e5 f6 21.
f4 fxe5 22. dxe5 Qf5 23. Bd2 Nh6 24. Kf2 Qg4 25. Kg1 Nf5 26. Qb3 Nh4 27. Rf2 c5
28. Qd1 Qg6 29. Qf1 d4 30. Nd1 c4 31. Rc1 Rf5 32. Bb4 Rh5 33. b3 c3 34. Qd3 Qh6
35. Qxd4 Nf5 36. Kf1 Nxd4 37. Ne3 Rh1# 0-1

[Event "ch-RUS Blitz w 2016"]
[Site "Sochi RUS"]
[Date "2016.10.04"]
[Round "21.1"]
[White "Bodnaruk, Anastasia"]
[Black "Girya, Olga"]
[Result "1-0"]
[WhiteTitle "IM"]
[BlackTitle "WGM"]
[WhiteElo "2463"]
[BlackElo "2446"]
[WhiteFideId "4181751"]
[BlackFideId "4195752"]
[EventDate "2016.10.04"]

1. e4 c6 2. d4 d5 3. e5 Bf5 4. Nf3 e6 5. Be2 Bb4+ 6. c3 Ba5 7. O-O Ne7 8. Na3
Nd7 9. Nc2 Bc7 10. Ne3 Be4 11. Ng5 Bg6 12. f4 h6 13. Nh3 Nf5 14. Bd3 Nxe3 15.
Bxe3 Bxd3 16. Qxd3 g6 17. Nf2 h5 18. Nh3 Qe7 19. Ng5 Nf8 20. c4 dxc4 21. Qxc4
Nd7 22. Ne4 Nb6 23. Qc5 Nd5 24. Bd2 Rd8 25. Qxe7+ Kxe7 26. f5 gxf5 27. Bg5+ Ke8
28. Bxd8 Kxd8 29. Ng5 Ke7 30. Kf2 Bb6 31. Rfd1 Rg8 32. h4 Rd8 33. Rac1 Nf4 34.
Nf3 Rg8 35. Ng5 Rd8 36. Nf3 Rg8 37. Ng5 Ng6 38. Nf3 Rd8 39. Rc4 Rd5 40. Re1 Nxe5
41. Rxe5 1-0

[Event "ch-RUS Blitz w 2016"]
[Site "Sochi RUS"]
[Date "2016.10.04"]
[Round "21.2"]
[White "Goryachkina, Aleksandra"]
[Black "Charochkina, Daria"]
[Result "1/2-1/2"]
[WhiteTitle "WGM"]
[BlackTitle "IM"]
[WhiteElo "2460"]
[BlackElo "2366"]
[WhiteFideId "4147103"]
[BlackFideId "4180917"]
[EventDate "2016.10.04"]

1. d4 f5 2. Nf3 Nf6 3. c4 e6 4. g3 d5 5. Bg2 c6 6. O-O Bd6 7. Ne5 O-O 8. Nd2
Nbd7 9. Ndf3 Ne4 10. Qc2 Ndf6 11. Nd3 Bd7 12. Bf4 Qc7 13. Bxd6 Nxd6 14. b3 Nfe4
15. Rac1 Rae8 16. Nfe5 Qd8 17. c5 Nf7 18. Nxf7 Rxf7 19. Ne5 Rfe7 20. Bxe4 fxe4
21. f3 exf3 22. Rxf3 Rf8 23. Rcf1 Rxf3 24. Rxf3 Be8 25. Rf4 Bh5 26. Qd3 Re8 27.
g4 Qg5 28. Qg3 Bg6 29. h4 Qe7 30. h5 Be4 31. e3 b6 32. Nxc6 Qd7 33. Ne5 Qb5 34.
c6 Qe2 35. Qf2 Qd1+ 36. Qf1 Qd2 37. Qf2 Qd1+ 38. Kh2 Qh1+ 39. Kg3 g5 40. hxg6
hxg6 41. g5 Bf5 42. Rh4 Qc1 43. Rh2 Rf8 44. Rh4 Kg7 45. Rh2 Be4 46. Rh7+ Kxh7
47. Qxf8 Qg1+ 48. Kh4 Qh2+ 49. Kg4 Qg2+ 50. Kh4 Qh2+ 51. Kg4 Qe2+ 52. Kg3 Qxe3+
53. Kg4 Qe2+ 54. Kg3 Qe3+ 55. Nf3 Bxf3 56. Qxf3 Qg1+ 57. Qg2 Qe1+ 58. Qf2 Qc3+
59. Qf3 Qxc6 60. Qf7+ Kh8 61. Qf8+ Kh7 62. Qf7+ Kh8 1/2-1/2

[Event "ch-RUS Blitz w 2016"]
[Site "Sochi RUS"]
[Date "2016.10.04"]
[Round "21.3"]
[White "Nebolsina, Vera"]
[Black "Pogonina, Natalija"]
[Result "0-1"]
[WhiteTitle "WGM"]
[BlackTitle "WGM"]
[WhiteElo "2219"]
[BlackElo "2484"]
[WhiteFideId "4163591"]
[BlackFideId "4147855"]
[EventDate "2016.10.04"]

1. Nf3 d5 2. g3 Bg4 3. Bg2 Nd7 4. d4 Ngf6 5. Nbd2 e6 6. O-O h6 7. h3 Bf5 8. c4
Be7 9. Qb3 Rb8 10. cxd5 exd5 11. Nh4 Bh7 12. f4 O-O 13. f5 c6 14. Ndf3 Ne4 15.
Bf4 Bd6 16. Bxd6 Nxd6 17. Ne5 Nxe5 18. dxe5 Nc4 19. e4 Nd2 20. Qd3 Nxf1 21. exd5
cxd5 22. Rxf1 Qb6+ 23. Rf2 Rbc8 24. Qd2 d4 25. f6 Rc2 26. Qe1 d3 27. Nf3 Re2 28.
Qf1 Rc8 29. e6 fxe6 30. f7+ Kf8 31. Ne5 Qxf2+ 32. Qxf2 Rxf2 33. Kxf2 Ke7 34. Ke3
d2 35. Bf3 Kd6 36. Ng4 Rf8 37. Kxd2 Rxf7 38. Be2 h5 39. Ne3 Bg6 40. Nc4+ Kd5 41.
Ne3+ Ke5 42. Nc4+ Kf6 43. Bf3 Rd7+ 44. Ke1 b5 45. Nd2 e5 46. Bc6 Rd3 47. Bxb5
Rxg3 48. Bd7 e4 49. Be8 e3 50. Nf1 Rg2 51. Nxe3 Rxb2 52. Nd5+ Kg5 53. Bxg6 Kxg6
54. h4 Rxa2 55. Nf4+ Kh6 56. Ne6 Ra4 0-1

[Event "ch-RUS Blitz w 2016"]
[Site "Sochi RUS"]
[Date "2016.10.04"]
[Round "21.5"]
[White "Komiagina, Maria"]
[Black "Tomilova, Elena"]
[Result "0-1"]
[WhiteTitle "WIM"]
[BlackTitle "WIM"]
[WhiteElo "2247"]
[BlackElo "2309"]
[WhiteFideId "4153987"]
[BlackFideId "4162340"]
[EventDate "2016.10.04"]

1. e4 e6 2. d4 d5 3. Nc3 Nf6 4. Bg5 Bb4 5. e5 h6 6. Bd2 Bxc3 7. bxc3 Ne4 8. Qg4
g6 9. Qf4 c5 10. Bd3 Nxd2 11. Qxd2 Nc6 12. Nf3 Qa5 13. dxc5 Qxc5 14. h4 Bd7 15.
h5 g5 16. Rb1 O-O-O 17. Rb5 Qe7 18. O-O g4 19. Nh2 Nxe5 20. Ra5 Bc6 21. Qe3 Nxd3
22. cxd3 b6 23. Ra6 Bb5 24. Rxb6 axb6 25. Qxb6 Qb7 26. Qc5+ Qc6 27. Qa7 Rd7 28.
Qa5 Bxd3 29. Rd1 Ba6 30. Nxg4 f6 31. Nxf6 Rb7 32. Qa3 Kc7 33. Re1 Rhb8 34. Qe7+
Kb6 35. Qb4+ Ka7 36. Qd4+ Ka8 37. Kh2 Qd6+ 38. f4 Rb2 39. Kh3 Qb6 40. Qe5 Qf2 0-1

[Event "ch-RUS Blitz w 2016"]
[Site "Sochi RUS"]
[Date "2016.10.04"]
[Round "21.6"]
[White "Potapova, Margarita"]
[Black "Drozdova, Dina"]
[Result "0-1"]
[WhiteTitle "WFM"]
[BlackTitle "WIM"]
[WhiteElo "2060"]
[BlackElo "2242"]
[WhiteFideId "14126869"]
[BlackFideId "4170695"]
[EventDate "2016.10.04"]

1. d4 g6 2. e4 Bg7 3. Nc3 d6 4. Be3 c6 5. h4 h5 6. Nf3 b5 7. Ng5 Nh6 8. f3 a5 9.
Qd2 Ba6 10. Bd3 b4 11. Ne2 Qb6 12. Bxa6 Nxa6 13. O-O Nc7 14. c4 c5 15. d5 a4 16.
Rab1 a3 17. b3 O-O-O 18. Nh3 Kb7 19. Nf2 Ng8 20. Nd3 Bh6 21. f4 Nf6 22. e5 Ng4
23. Ng3 Nxe3 24. Qxe3 f5 25. Nh1 Rhe8 26. e6 Bg7 27. Qg3 Bd4+ 28. Nhf2 Rg8 29.
Kh1 Ne8 30. Nh3 Nf6 31. Ndf2 Rh8 32. Rbd1 Rdf8 33. Rfe1 Ng4 34. Nxg4 hxg4 35.
Ng5 Rh5 36. Kh2 Rfh8 37. Rh1 Rxh4+ 0-1

[Event "ch-RUS Blitz w 2016"]
[Site "Sochi RUS"]
[Date "2016.10.04"]
[Round "21.7"]
[White "Shaydullina, Sandugach"]
[Black "Pustovoitova, Daria"]
[Result "0-1"]
[WhiteTitle "WGM"]
[BlackTitle "FM"]
[WhiteElo "2142"]
[BlackElo "2386"]
[WhiteFideId "4140389"]
[BlackFideId "4182146"]
[EventDate "2016.10.04"]

1. d4 d5 2. Nf3 c6 3. c4 Nf6 4. Qc2 dxc4 5. Qxc4 Bf5 6. g3 e6 7. Bg2 Nbd7 8. O-O
Be7 9. e3 O-O 10. Qe2 Qc7 11. Nc3 h6 12. e4 Bh7 13. Bf4 Qb6 14. Rfd1 Rfd8 15.
Rac1 Rac8 16. a3 c5 17. d5 exd5 18. e5 Nh5 19. Nxd5 Qe6 20. Bh3 Nxf4 21. gxf4
Qg6+ 22. Kh1 Bf8 23. Nh4 Qe4+ 24. Qxe4 Bxe4+ 25. Bg2 Bxg2+ 26. Kxg2 Nb6 27. Nxb6
axb6 28. Nf5 g6 29. Ne3 Be7 30. Nd5 Kf8 31. Nxb6 Rc6 32. Nd5 c4 33. Ne3 b5 34.
Rxd8+ Bxd8 35. Nd5 Ba5 36. Kf3 Ke8 37. Ke4 Rc8 38. Rd1 Bd8 39. Nc3 Rb8 40. Nd5
Rb7 41. Kd4 Kd7 42. Kc5 Ke6 43. Kc6 Rb8 44. Ne3 Be7 45. Nd5 Bd8 46. Nc3 Kf5 47.
Nxb5 Kxf4 48. Rd4+ Kxe5 49. Rd5+ Ke6 50. Rd6+ Ke7 51. Rd7+ Ke6 52. Rd6+ Ke7 53.
Rd7+ Ke6 54. Nd4+ Ke5 55. Nb5 f5 56. a4 g5 57. Rh7 Bb6 58. Rxh6 Bxf2 59. Rh7 f4
60. a5 Ra8 61. Re7+ Kf6 62. Re2 Be3 63. Nc3 Rxa5 64. Nd5+ Kg6 65. Nxe3 Re5 66.
Rc2 fxe3 67. Re2 Kf5 68. Kd6 Kf4 69. h3 Re4 70. Kd5 Kf3 71. Re1 e2 72. Kc5 Kf2
73. Rh1 e1=Q 74. Rxe1 Kxe1 75. Kd5 Rf4 76. Ke5 Kd2 77. Kd5 Kc2 78. Kc5 Kxb2 79.
Kb4 c3+ 0-1

[Event "ch-RUS Blitz w 2016"]
[Site "Sochi RUS"]
[Date "2016.10.04"]
[Round "21.8"]
[White "Nechaeva, Marina"]
[Black "Ambartsumova, Karina"]
[Result "1-0"]
[WhiteTitle "IM"]
[BlackTitle "WGM"]
[WhiteElo "2428"]
[BlackElo "2280"]
[WhiteFideId "4149351"]
[BlackFideId "4166299"]
[EventDate "2016.10.04"]

1. d4 Nf6 2. c4 c5 3. d5 e5 4. Nc3 d6 5. e4 Be7 6. g3 O-O 7. Bg2 Ne8 8. Nge2 g6
9. O-O Ng7 10. f4 Nd7 11. f5 Bg5 12. h4 Bxc1 13. Qxc1 Nf6 14. Bh3 Nfe8 15. Kh2
a6 16. Rf2 Bd7 17. Qh6 gxf5 18. exf5 Qf6 19. Qe3 Qe7 20. Ne4 f6 21. g4 b5 22. b3
bxc4 23. bxc4 Rb8 24. Rg1 Rb4 25. g5 fxg5 26. Rxg5 Nf6 27. Nxf6+ Qxf6 28. Rfg2
Rf7 29. Ng3 Kf8 30. Ne4 Qh6 31. f6 Qxh4 32. fxg7+ Kg8 33. Nxd6 Rf4 34. Qg3 Rb1
35. Qxh4 Rxh4 36. R5g3 e4 37. Rf2 Rxh3+ 38. Rxh3 Bxh3 39. Kxh3 Kxg7 40. Nxe4 Rc1
41. Nd6 Rd1 42. Kg4 Kg6 43. Re2 h5+ 44. Kh4 Rd4+ 45. Re4 Rd2 46. Re6+ Kg7 47.
Kxh5 Rxa2 48. Nf5+ Kf7 49. Kg5 Rg2+ 50. Kf4 Rc2 51. Ke5 a5 52. Re7+ Kf8 53. Ra7
Rxc4 54. Rxa5 Rc1 55. d6 c4 56. d7 Rd1 57. Ra8+ Kf7 58. d8=Q 1-0

[Event "ch-RUS Blitz w 2016"]
[Site "Sochi RUS"]
[Date "2016.10.04"]
[Round "21.9"]
[White "Severina, Maria"]
[Black "Vasilevich, Tatjana"]
[Result "0-1"]
[WhiteTitle "WIM"]
[BlackTitle "IM"]
[WhiteElo "2232"]
[BlackElo "2372"]
[WhiteFideId "4116909"]
[BlackFideId "14101610"]
[EventDate "2016.10.04"]

1. Nf3 d5 2. g3 b5 3. d4 Nf6 4. Bg2 e6 5. O-O Bb7 6. c3 c5 7. a4 a6 8. axb5 axb5
9. Rxa8 Bxa8 10. Qb3 Qb6 11. Na3 b4 12. cxb4 cxb4 13. Bd2 Be7 14. Nc2 Nc6 15.
Ne5 O-O 16. Nxc6 Bxc6 17. Rc1 Bb5 18. Bxb4 Bxe2 19. Qe3 Bxb4 20. Nxb4 Bc4 21. b3
Qxb4 22. bxc4 dxc4 23. Qc3 Qxc3 24. Rxc3 Rc8 25. Bf1 Ne4 26. Rxc4 Rxc4 27. Bxc4
Nd2 28. Be2 Nb3 29. Kg2 Nxd4 30. Bd3 h6 31. h4 g6 32. Kh2 Nf3+ 33. Kh1 Kg7 34.
Be2 Nd4 35. Bd3 Kf6 36. Kg2 Ke5 37. f4+ Kd5 38. Kf2 Nc6 39. Bb1 Kd4 40. Bc2 e5
41. fxe5 Nxe5 42. Ba4 Ng4+ 43. Kf3 Ne5+ 44. Kf2 f6 45. Be8 Ke4 46. Ba4 Ng4+ 47.
Ke2 Ne5 48. Bc2+ Kd4 49. Ba4 f5 50. Kf2 Kd5 51. Bb3+ Kd4 52. Ba4 g5 53. hxg5
hxg5 54. Bc2 Ng4+ 55. Ke2 Ne3 56. Ba4 Nd5 57. Bc2 Ne7 58. Ba4 Nd5 59. Bc2 Ke5
60. Kf2 Nf6 61. Kf3 g4+ 62. Ke3 Ne4 63. Ba4 Nxg3 64. Kf2 Ne4+ 65. Kg2 f4 66. Bd7
f3+ 67. Kf1 g3 68. Bc6 Kf4 69. Bb7 Nd2+ 70. Kg1 f2+ 0-1

[Event "ch-RUS Blitz w 2016"]
[Site "Sochi RUS"]
[Date "2016.10.04"]
[Round "21.10"]
[White "Belenkaya, Dina"]
[Black "Sukhareva, Evgeniya"]
[Result "0-1"]
[WhiteTitle "WFM"]
[WhiteElo "2313"]
[BlackElo "2151"]
[WhiteFideId "24142654"]
[BlackFideId "4167155"]
[EventDate "2016.10.04"]

1. e4 c5 2. Nf3 e6 3. c4 Qc7 4. Nc3 a6 5. Be2 d6 6. O-O Nf6 7. d4 cxd4 8. Nxd4
Nbd7 9. Be3 b6 10. Rc1 Bb7 11. f3 Be7 12. Kh1 O-O 13. a3 Rac8 14. b4 Qb8 15. Qd2
Rfd8 16. Rfd1 Bf8 17. Nb3 Bc6 18. Qa2 Ne5 19. Nd4 Ba8 20. Bg1 Nh5 21. Be3 Nf6
22. Rd2 Rc7 23. Na4 Rdc8 24. Rdc2 h6 25. Bf1 Nfd7 26. Nb2 g6 27. Nd1 Bg7 28. a4
h5 29. a5 bxa5 30. Qxa5 Bb7 31. Nb2 Nc6 32. Nxc6 Rxc6 33. Na4 Bf6 34. Nb6 Nf8
35. c5 dxc5 36. bxc5 Bd8 37. Rb1 Qe5 38. Rcb2 Qg7 39. Bxa6 Ra8 40. Bxb7 Rxa5 41.
Bxc6 Qc3 42. Bg1 Bf6 43. Nd7 Be7 44. Nb8 Bxc5 45. Bxc5 Qxc5 46. Be8 Qc8 47. Bc6 0-1

[Event "ch-RUS Blitz w 2016"]
[Site "Sochi RUS"]
[Date "2016.10.04"]
[Round "21.11"]
[White "Vasilevich, Irina"]
[Black "Baraeva, Marina"]
[Result "0-1"]
[WhiteTitle "IM"]
[BlackTitle "WIM"]
[WhiteElo "2285"]
[BlackElo "2173"]
[WhiteFideId "4141296"]
[BlackFideId "24142573"]
[EventDate "2016.10.04"]

1. b3 d5 2. Bb2 Nf6 3. e3 c5 4. d3 Nc6 5. Nd2 g6 6. f4 Bg7 7. Ngf3 O-O 8. Be2
Qc7 9. h3 d4 10. exd4 Qxf4 11. O-O cxd4 12. Nc4 Qc7 13. Nxd4 Nxd4 14. Bxd4 b5
15. Nd2 Bb7 16. Bf3 Rac8 17. Bxb7 Qxb7 18. Nf3 Nd5 19. Bxg7 Kxg7 20. Qe2 Qb6+
21. d4 Qc6 22. Rac1 b4 23. Qe5+ Kg8 24. Nd2 Nc3 25. Nc4 Qc7 26. Rce1 Qxe5 27.
Rxe5 e6 28. Ra5 Ne2+ 29. Kf2 Nxd4 30. Rxa7 Nxc2 31. Rb7 Ra8 32. Rd1 Rxa2 33. Rd2
Rfa8 34. Kg3 Ne3 35. Rxa2 Nf5+ 36. Kf4 Rxa2 37. Rxb4 Rxg2 38. Rb8+ Kg7 39. b4
Rc2 40. Ne5 Rb2 41. Rb7 Nd6 42. Rb6 Nf5 43. Rb7 Nd6 44. Rb6 Rd2 45. Ke3 Rd5 46.
Kf4 Rxe5 47. Rxd6 Rb5 48. Rd4 e5+ 0-1

[Event "ch-RUS Blitz w 2016"]
[Site "Sochi RUS"]
[Date "2016.10.04"]
[Round "21.12"]
[White "Sazonova, Anastasia"]
[Black "Belova, Olga"]
[Result "0-1"]
[WhiteTitle "WFM"]
[BlackTitle "WFM"]
[WhiteElo "2115"]
[BlackElo "2035"]
[WhiteFideId "24131008"]
[BlackFideId "4138422"]
[EventDate "2016.10.04"]

1. d4 d5 2. c4 c6 3. Nf3 Nf6 4. Nbd2 Bf5 5. Nh4 Bg6 6. Qb3 Qc7 7. Nxg6 hxg6 8.
g3 e6 9. Bg2 Nbd7 10. Nf3 dxc4 11. Qxc4 Bd6 12. Qc2 e5 13. e4 Bb4+ 14. Ke2 exd4
15. Nxd4 Qb6 16. Be3 Qa6+ 17. Qd3 Qxd3+ 18. Kxd3 Nc5+ 19. Kc4 a5 20. a3 b5+ 21.
Nxb5 cxb5+ 22. Kxb5 Nb3 23. axb4 Nxa1 24. Rxa1 Rb8+ 25. Kc5 axb4 26. e5 Nd7+ 27.
Kd5 O-O 28. Ra7 Rfd8 29. Ke4 Nf8 30. Bf1 Ne6 31. Bc4 Rbc8 32. b3 Nc7 33. Bb6 Rd7
34. Bb5 Re7 35. Ba6 Ra8 36. Rxa8+ Nxa8 37. Bc5 Rc7 38. Bxb4 Ra7 39. Bc4 Nb6 40.
Bc5 Rb7 41. Ba6 Rb8 42. Bd6 Re8 43. Bb5 Ra8 44. b4 Ra1 45. Bc6 Re1+ 46. Kd3 Rd1+
47. Kc3 Rc1+ 48. Kd4 Rxc6 49. b5 Rc1 50. Bc5 Na4 51. Ba7 Kf8 52. b6 Rb1 53. Kc4
Nxb6+ 0-1